000 00304nam a22001337a 4500
003 SGT
020 _a9789390142743
082 _a370,YAD
100 _aYADAV,PRIYANKA
245 _aDRAMA & ARTS IN EDUCATION AND SOCIAL EDUCATION
260 _aNEW DELHI
_bRENOVA
_c2024
300 _a224
942 _2ddc
_cBK
999 _c27192
_d27192